<?xml version="1.0" encoding="UTF-8"?>
<collection xmlns="http://www.loc.gov/MARC21/slim">
<record>
  <controlfield tag="001">159100</controlfield>
  <controlfield tag="005">20250904104033.0</controlfield>
  <datafield tag="037" ind1=" " ind2=" ">
    <subfield code="a">GDOC-2024-30279</subfield>
  </datafield>
  <datafield tag="970" ind1=" " ind2=" ">
    <subfield code="a">GDOC-2024-30279</subfield>
  </datafield>
  <datafield tag="041" ind1=" " ind2=" ">
    <subfield code="a">spa</subfield>
  </datafield>
  <datafield tag="041" ind1=" " ind2=" ">
    <subfield code="a">eng</subfield>
  </datafield>
  <datafield tag="540" ind1=" " ind2=" ">
    <subfield code="a">by-nc-sa</subfield>
    <subfield code="b">Creative Commons</subfield>
    <subfield code="c">3.0</subfield>
    <subfield code="u">http://creativecommons.org/licenses/by-nc-sa/3.0/</subfield>
  </datafield>
  <datafield tag="260" ind1=" " ind2=" ">
    <subfield code="a">Zaragoza</subfield>
    <subfield code="b">Universidad de Zaragoza</subfield>
    <subfield code="c">2024-2025</subfield>
  </datafield>
  <datafield tag="245" ind1="0" ind2="0">
    <subfield code="9">30279</subfield>
    <subfield code="a">Prácticas externas 6</subfield>
  </datafield>
  <datafield tag="242" ind1="0" ind2="0">
    <subfield code="9">30279</subfield>
    <subfield code="a">Internships 6</subfield>
  </datafield>
  <datafield tag="100" ind1=" " ind2=" ">
    <subfield code="0">(orcid)0000-0002-6584-7259</subfield>
    <subfield code="a">Pedro Javier Álvarez, Pérez-Aradros</subfield>
    <subfield code="1">324715</subfield>
  </datafield>
  <datafield tag="700" ind1=" " ind2=" ">
    <subfield code="0">(orcid)0000-0003-4457-3938</subfield>
    <subfield code="a">Unai Arronategui, Arribalzaga</subfield>
    <subfield code="1">388244</subfield>
  </datafield>
  <datafield tag="700" ind1=" " ind2=" ">
    <subfield code="0">(orcid)0000-0001-7866-3793</subfield>
    <subfield code="a">Rubén Béjar, Hernández</subfield>
    <subfield code="1">406903</subfield>
  </datafield>
  <datafield tag="700" ind1=" " ind2=" ">
    <subfield code="0">(orcid)0000-0002-2605-6243</subfield>
    <subfield code="a">Simona Bernardi,  </subfield>
    <subfield code="1">520840</subfield>
  </datafield>
  <datafield tag="700" ind1=" " ind2=" ">
    <subfield code="0">(orcid)0000-0003-4239-8785</subfield>
    <subfield code="a">Carlos Bobed, Lisbona</subfield>
    <subfield code="1">471620</subfield>
  </datafield>
  <datafield tag="700" ind1=" " ind2=" ">
    <subfield code="0">(orcid)0000-0001-5940-9837</subfield>
    <subfield code="a">José Luis Briz, Velasco</subfield>
    <subfield code="1">110182</subfield>
  </datafield>
  <datafield tag="700" ind1=" " ind2=" ">
    <subfield code="0">(orcid)0000-0001-6443-3815</subfield>
    <subfield code="a">Gregorio de Miguel, Casado</subfield>
    <subfield code="1">390553</subfield>
  </datafield>
  <datafield tag="700" ind1=" " ind2=" ">
    <subfield code="0">(orcid)0000-0002-9622-8186</subfield>
    <subfield code="a">Joaquín Antonio Ezpeleta, Mateo</subfield>
    <subfield code="1">130013</subfield>
  </datafield>
  <datafield tag="700" ind1=" " ind2=" ">
    <subfield code="0">(orcid)0000-0001-5549-7649</subfield>
    <subfield code="a">Francisco Javier Fabra, Caro</subfield>
    <subfield code="1">456414</subfield>
  </datafield>
  <datafield tag="700" ind1=" " ind2=" ">
    <subfield code="0">(orcid)0000-0003-0533-9161</subfield>
    <subfield code="a">Fernando García, Vallés</subfield>
    <subfield code="1">145107</subfield>
  </datafield>
  <datafield tag="700" ind1=" " ind2=" ">
    <subfield code="0">(orcid)0000-0002-4031-5651</subfield>
    <subfield code="a">Rubén Gran, Tejero</subfield>
    <subfield code="1">447903</subfield>
  </datafield>
  <datafield tag="700" ind1=" " ind2=" ">
    <subfield code="0">(orcid)0000-0002-7073-219X</subfield>
    <subfield code="a">Sergio Ilarri, Artigas</subfield>
    <subfield code="1">418928</subfield>
  </datafield>
  <datafield tag="700" ind1=" " ind2=" ">
    <subfield code="0">(orcid)0000-0002-7093-228X</subfield>
    <subfield code="a">Jorge Emilio Júlvez, Bueno</subfield>
    <subfield code="1">182863</subfield>
  </datafield>
  <datafield tag="700" ind1=" " ind2=" ">
    <subfield code="0">(orcid)0000-0003-3071-5819</subfield>
    <subfield code="a">Javier Lacasta, Miguel</subfield>
    <subfield code="1">431331</subfield>
  </datafield>
  <datafield tag="700" ind1=" " ind2=" ">
    <subfield code="0">(orcid)0000-0001-6491-7430</subfield>
    <subfield code="a">Francisco Javier López, Pellicer</subfield>
    <subfield code="1">331616</subfield>
  </datafield>
  <datafield tag="700" ind1=" " ind2=" ">
    <subfield code="0">(orcid)0000-0003-0287-9488</subfield>
    <subfield code="a">Sergio Martín, Segura</subfield>
    <subfield code="1">622612</subfield>
  </datafield>
  <datafield tag="700" ind1=" " ind2=" ">
    <subfield code="0">(orcid)0000-0002-8917-6584</subfield>
    <subfield code="a">José Javier Merseguer, Hernaiz</subfield>
    <subfield code="1">468088</subfield>
  </datafield>
  <datafield tag="700" ind1=" " ind2=" ">
    <subfield code="0">(orcid)0000-0001-6961-7250</subfield>
    <subfield code="a">Mario Morales, Hernández</subfield>
    <subfield code="1">536157</subfield>
  </datafield>
  <datafield tag="700" ind1=" " ind2=" ">
    <subfield code="0">(orcid)0000-0002-7532-2720</subfield>
    <subfield code="a">Jesús Javier Resano, Ezcaray</subfield>
    <subfield code="1">520838</subfield>
  </datafield>
  <datafield tag="700" ind1=" " ind2=" ">
    <subfield code="0">(orcid)0000-0002-5925-6049</subfield>
    <subfield code="a">Fernando Tricas, García</subfield>
    <subfield code="1">128598</subfield>
  </datafield>
  <datafield tag="700" ind1=" " ind2=" ">
    <subfield code="0">(orcid)0000-0001-6008-1138</subfield>
    <subfield code="a">Raquel Trillo, Lado</subfield>
    <subfield code="1">390208</subfield>
  </datafield>
  <datafield tag="700" ind1=" " ind2=" ">
    <subfield code="0">(orcid)0000-0002-6557-2494</subfield>
    <subfield code="a">Francisco Javier Zarazaga, Soria</subfield>
    <subfield code="1">137923</subfield>
  </datafield>
  <datafield tag="830" ind1=" " ind2=" ">
    <subfield code="9">439</subfield>
  </datafield>
  <datafield tag="856" ind1="4" ind2=" ">
    <subfield code="s">59611</subfield>
    <subfield code="u">http://zaguan.unizar.es/record/159100/files/guia-30279-es.pdf</subfield>
    <subfield code="y">Guía (idioma español)</subfield>
  </datafield>
  <datafield tag="856" ind1="4" ind2=" ">
    <subfield code="s">9282</subfield>
    <subfield code="u">http://zaguan.unizar.es/record/159100/files/guia-30279-en.pdf</subfield>
    <subfield code="y">Guide (english)</subfield>
  </datafield>
  <datafield tag="521" ind1=" " ind2=" ">
    <subfield code="9">148</subfield>
    <subfield code="a">Grado en Ingeniería Informática</subfield>
    <subfield code="b">Bachelor's Degree in Informatics Engineering</subfield>
  </datafield>
  <datafield tag="980" ind1=" " ind2=" ">
    <subfield code="a">GDOC</subfield>
    <subfield code="b">Engineering and Architecture</subfield>
    <subfield code="b">Ingeniería y Arquitectura</subfield>
    <subfield code="c">110</subfield>
  </datafield>
</record>
</collection>